[Event "Chigorin Memorial 25th"]
[Site "St Petersburg"]
[Date "2017.10.29"]
[Round "9"]
[White "Kairbekova, Amina"]
[Black "Bushueva, Tatjana"]
[Result "1-0"]
[WhiteElo "1916"]
[BlackElo "1737"]
[PlyCount "81"]
[EventDate "2017.10.21"]
[EventType "swiss"]
[EventRounds "9"]
[EventCountry "RUS"]
[SourceTitle "CBM 181 Extra"]
[Source "ChessBase"]
[SourceDate "2017.12.12"]
[SourceVersion "1"]
[SourceVersionDate "2017.12.12"]
[SourceQuality "1"]

1. e4 e6 2. d4 d5 3. e5 c5 4. c3 Nc6 5. Nf3 Bd7 6. a3 c4 7. Nbd2 Na5 8. g3 Bc6 9. h4 Qd7 10. Bh3 Ba4 11. Qe2 Ne7 12. 0-0 Nec6 13. Nh2 Nb3 14. Nxb3 Bxb3 15. f4 g6 16. g4 0-0-0 17. f5 gxf5 18. gxf5 Rg8+ 19. Kh1 Re8 20. Ng4 Be7 21. Bg5 Ref8 22. Nh6 Rh8 23. fxe6 fxe6 24. Bf6 Nd8 25. Bxh8 Rxh8 26. Qg4 Bc2 27. Nf7 Re8 28. Nxd8 Bxd8 29. Rf4 Qb5 30. Rf8 Be4+ 31. Kg1 Re7 32. Qg8 Qd7 33. Bxe6 Rxe6 34. Rxd8+ Qxd8 35. Qxe6+ Kc7 36. Rf1 Bg6 37. Rf6 Kb8 38. Qd6+ Qxd6 39. Rxd6 Be4 40. e6 Kc7 41. e7 1-0